Tribhuvan University Central Library

Exploring geography.- (Record no. 84665)

MARC details
000 -LEADER
fixed length control field 00623nam a22002297a 4500
008 - FIXED-LENGTH DATA ELEMENTS--GENERAL INFORMATION
fixed length control field 190408b xxu||||| |||| 00| 0 eng d
020 ## - INTERNATIONAL STANDARD BOOK NUMBER
International Standard Book Number 978-0-07-809516-0
082 ## - DEWEY DECIMAL CLASSIFICATION NUMBER
Classification number 910.02
Item number Ex74
100 ## - MAIN ENTRY--PERSONAL NAME
Personal name Reynolds, Stephen J.
245 ## - TITLE STATEMENT
Title Exploring geography.-
260 ## - PUBLICATION, DISTRIBUTION, ETC.
Place of publication, distribution, etc. New York:
Name of publisher, distributor, etc. McGraw Hill Education,
Date of publication, distribution, etc. 2015
300 ## - PHYSICAL DESCRIPTION
Other physical details xxviii, 602p.; illus.
650 ## - SUBJECT ADDED ENTRY--TOPICAL TERM
Topical term or geographic name entry element Physical geography
9 (RLIN) 8542
650 ## - SUBJECT ADDED ENTRY--TOPICAL TERM
Topical term or geographic name entry element Volcanoes
9 (RLIN) 8205
650 ## - SUBJECT ADDED ENTRY--TOPICAL TERM
Topical term or geographic name entry element Climates
650 ## - SUBJECT ADDED ENTRY--TOPICAL TERM
Topical term or geographic name entry element Atmosphere
700 ## - ADDED ENTRY--PERSONAL NAME
Personal name Rohli, Robert V.
700 ## - ADDED ENTRY--PERSONAL NAME
Personal name Johnson, Julia K.
700 ## - ADDED ENTRY--PERSONAL NAME
Personal name Francek, Mark A.
700 ## - ADDED ENTRY--PERSONAL NAME
Personal name Waylen, Peter R.
942 ## - ADDED ENTRY ELEMENTS (KOHA)
Source of classification or shelving scheme Dewey Decimal Classification
Koha item type General Collections
Holdings
Withdrawn status Lost status Source of classification or shelving scheme Damaged status Not for loan Home library Current library Shelving location Date acquired Total Checkouts Full call number Barcode Date last seen Price effective from Koha item type Date last checked out
    Dewey Decimal Classification     Tribhuvan University Central Library Tribhuvan University Central Library New Building 04/08/2019   910.02 Ex74 G81036 04/08/2019 04/08/2019 General Collections  
    Dewey Decimal Classification     Tribhuvan University Central Library Tribhuvan University Central Library New Building 04/08/2019   910.02 Ex74 G81037 04/08/2019 04/08/2019 General Collections  
    Dewey Decimal Classification     Tribhuvan University Central Library Tribhuvan University Central Library New Building 04/08/2019   910.02 Ex74 G81038 02/17/2023 04/08/2019 General Collections  
    Dewey Decimal Classification     Tribhuvan University Central Library Tribhuvan University Central Library New Building 04/08/2019 1 910.02 Ex74 G81039 03/20/2023 04/08/2019 General Collections 12/28/2022
    Dewey Decimal Classification     Tribhuvan University Central Library Tribhuvan University Central Library New Building 04/08/2019   910.02 Ex74 G81040 04/08/2019 04/08/2019 General Collections  
    Dewey Decimal Classification     Tribhuvan University Central Library Tribhuvan University Central Library New Building 04/08/2019   910.02 Ex74 G81041 04/08/2019 04/08/2019 General Collections  
    Dewey Decimal Classification     Tribhuvan University Central Library Tribhuvan University Central Library New Building 04/08/2019   910.02 Ex74 G81042 04/08/2019 04/08/2019 General Collections  
    Dewey Decimal Classification     Tribhuvan University Central Library Tribhuvan University Central Library New Building 04/08/2019   910.02 Ex74 G81043 04/08/2019 04/08/2019 General Collections  
    Dewey Decimal Classification     Tribhuvan University Central Library Tribhuvan University Central Library New Building 04/08/2019   910.02 Ex74 G81044 04/08/2019 04/08/2019 General Collections  
    Dewey Decimal Classification     Tribhuvan University Central Library Tribhuvan University Central Library New Building 04/08/2019   910.02 Ex74 G81045 04/08/2019 04/08/2019 General Collections